书目信息 |
| 题名: |
土地复垦监管的行政法研究
|
|
| 作者: | 赵谦, 著 | |
| 分册: | ||
| 出版信息: | 北京 法律出版社 2021.12 |
|
| 页数: | 205页 | |
| 开本: | 21cm | |
| 丛书名: | ||
| 单 册: | ||
| 中图分类: | D922.305 | |
| 科图分类: | ||
| 主题词: | 复土造田--fu tu zao tian--行政执法--研究--中国 | |
| 电子资源: | ||
| ISBN: | 978-7-5197-6024-3 | |
| 000 | 01440nam0 2200253 450 | |
| 001 | 27065 | |
| 005 | 20220920212930.84 | |
| 010 | @a978-7-5197-6024-3@dCNY76.00 | |
| 100 | @a20220324d2021 em y0chiy50 ea | |
| 101 | 0 | @achi |
| 102 | @aCN@b110000 | |
| 105 | @ay a 000yy | |
| 200 | 1 | @a土地复垦监管的行政法研究@Atu di fu ken jian guan de hang zheng fa yan jiu@f赵谦著 |
| 210 | @a北京@c法律出版社@d2021.12 | |
| 215 | @a205页@d21cm | |
| 300 | @a本书系国家社科基金青年项目“土地复垦监管的行政法研究”研究成果 | |
| 314 | @a赵谦, 1981年生, 湖北荆州人。西南大学法学院教授、博士研究生导师、宪法学与行政法学学科负责人, 中南财经政法大学法学博士 (宪法学与行政法学专业), 西南政法大学法学博士后 (法学理论专业), 中国台湾地区东吴大学法学院访问学者。 | |
| 320 | @a有书目 (第165-202页) | |
| 330 | @a本书内容结合法理学、宪法学、国际法学、环境资源法学等法学其他门类及管理学、社会学的知识工具, 基于部门行政法的研究范式, 就土地复垦监管法律规范及相应实施机制展开综合研究 ; 设置了共同体属性论、组织规范论、行为选择论、行为规制论、行为体系论、理念比较论和要素比较论这七个研究单元, 尝试从行政法价值取向、行政组织法、行政行为法、行政救济法等方面, 运用价值分析、规范分析、比较研究等研究方法, 来展开“描述-经验、逻辑-分析和规范-实践”维度的系统研究。 | |
| 606 | 0 | @a复土造田@Afu tu zao tian@x行政执法@x研究@y中国 |
| 690 | @aD922.305@v5 | |
| 701 | 0 | @a赵谦,@Azhao qian@f1981-@4著 |
| 801 | 0 | @aCN@c20220910 |
| 905 | @a河南城建学院图书馆@dD922.305@eZ315@f2 | |
| 土地复垦监管的行政法研究/赵谦著.-北京:法律出版社,2021.12 |
| 205页;21cm |
| 本书系国家社科基金青年项目“土地复垦监管的行政法研究”研究成果 |
| ISBN 978-7-5197-6024-3:CNY76.00 |
| 本书内容结合法理学、宪法学、国际法学、环境资源法学等法学其他门类及管理学、社会学的知识工具, 基于部门行政法的研究范式, 就土地复垦监管法律规范及相应实施机制展开综合研究 ; 设置了共同体属性论、组织规范论、行为选择论、行为规制论、行为体系论、理念比较论和要素比较论这七个研究单元, 尝试从行政法价值取向、行政组织法、行政行为法、行政救济法等方面, 运用价值分析、规范分析、比较研究等研究方法, 来展开“描述-经验、逻辑-分析和规范-实践”维度的系统研究。 |
| ● |
| 相关链接 |
|
|
|
正题名:土地复垦监管的行政法研究
索取号:D922.305/Z315
 
预约/预借
| 序号 | 登录号 | 条形码 | 馆藏地/架位号 | 状态 | 备注 |
| 1 | 1578789 | 215787897 | 社科库509/509社科库 89排3列5层/ [索取号:D922.305/Z315] | 在馆 | |
| 2 | 1578790 | 215787904 | 社科库509/509社科库 89排3列5层/ [索取号:D922.305/Z315] | 在馆 |